History Quiz

Random History or Famous Quiz

Eyes in Art Quiz Stats

 Plays Quiz Updated Feb 17, 2018

Support Sporcle.
Go Orange.
Score 0/16 Timer 04:00
1 Play Today
% Correct
Girl with a Pearl Earring
95.1%
Untitled from Marilyn Monroe
94.9%
Easter Island Moai
93.3%
The Scream
91.9%
Van Gogh
90.7%
Kabuki Actor Ōtani Oniji
84.8%
Tian Tan Buddha
84.1%
Bust of Nefertiti
83.9%
% Correct
Christ Carrying the Cross
81.5%
Kahlo
81.3%
Two Sisters
81.1%
I and The Village
79.4%
Man in Red Chalk
75.4%
Saturn Devouring His Son
73.2%
Dürer
69.3%
Laocoön
64.5%

You're not logged in!

Compare scores with friends on all Sporcle quizzes.
OR
Log In

From the Vault

Harry Potter Mirror Crosswords

by gazzso

If you looked into the Mirror of Erised, would you see yourself scoring 100% on this crossword puzzle?
Remove Ads.
Support Sporcle.
Get the best of Sporcle when you Go Orange. This ad-free experience offers more features, more stats, and more fun while also helping to support Sporcle. Thank you for becoming a member.

Show Comments

Extras

Top Quizzes Today


Score Distribution

Your Account Isn't Verified!

In order to create a playlist on Sporcle, you need to verify the email address you used during registration. Go to your Sporcle Settings to finish the process.

Report this User

Report this user for behavior that violates our Community Guidelines.

Details: